[Event "GRENKE Chess Open 2024"]
[Site "Karlsruhe"]
[Date "2024.04.01"]
[Round "9.6"]
[White "Yelisieiev, Yevhenii"]
[Black "Avdic, Faris"]
[Result "1/2-1/2"]
[WhiteElo "2411"]
[BlackElo "2209"]
[Annotator "ChessBase"]
[PlyCount "110"]
[EventDate "2024.03.28"]
[EventType "swiss"]
[EventCountry "GER"]
[SourceTitle "playchess.com"]
[Source "ChessBase"]
[SourceQuality "1"]

1. d4 Nf6 2. Nf3 e6 3. c4 c5 4. d5 exd5 5. cxd5 d6 6. Nc3 g6 7. Bf4 Bg7 8. Qa4+ Bd7 9. Qb3 b5 10. e3 c4 11. Qa3 O-O 12. Nd4 Re8 13. Ndxb5 Bxb5 14. Nxb5 Nxd5 15. O-O-O Nxf4 16. exf4 Nd7 17. Nxd6 Rb8 18. Nxc4 Qc7 19. Qd6 Bxb2+ 20. Kc2 Rec8 21. Qxc7 Rxc7 22. Rxd7 Rxd7 23. Nxb2 Rc7+ 24. Nc4 Rb4 25. g3 Rbxc4+ 26. Bxc4 Rxc4+ 27. Kb3 Rc6 28. Rd1 Rb6+ 29. Kc3 Rc6+ 30. Kb3 Rb6+ 31. Kc3 Rc6+ 32. Kd3 Rd6+ 33. Ke2 Ra6 34. Rd2 h5 35. Kd3 h4 36. Ke4 Kg7 37. Kf3 f5 38. Kg2 Kf6 39. Kh3 hxg3 40. fxg3 Ra3 41. Rc2 Kg7 42. Rd2 Kh6 43. Rc2 Kh5 44. Rf2 Ra4 45. Re2 Ra3 46. Rc2 Ra4 47. Kg2 Ra3 48. Kf1 Kg4 49. Ke2 Kh3 50. Kd1 Rf3 51. Ke1 Re3+ 52. Kf1 Rf3+ 53. Ke1 Re3+ 54. Kd1 Rf3 55. Ke1 Re3+ 1/2-1/2

[Event "GRENKE Chess Open 2024"]
[Site "Karlsruhe"]
[Date "2024.04.01"]
[Round "9.6"]
[White "Papaux, Steve"]
[Black "Kozul, Zdenko"]
[Result "0-1"]
[WhiteElo "2139"]
[BlackElo "2529"]
[Annotator "RC"]
[PlyCount "53"]
[EventDate "2024.03.28"]
[EventType "swiss"]
[EventCountry "GER"]
[SourceTitle "playchess.com"]
[Source "ChessBase"]
[SourceQuality "1"]

1. c4 Nf6 2. Nf3 e6 3. Nc3 d5 4. e3 b6 5. b3 Bb7 6. Bb2 a6 7. d4 Bd6 8. Bd3 Nbd7 9. Qc2 O-O 10. O-O Qe7 11. Rad1 c5 12. cxd5 exd5 13. Bf5 Rad8 14. Rfe1 Rfe8 15. Bxd7 Rxd7 16. Na4 Rc7 17. Nxb6 cxd4 18. Qb1 Bb4 19. Re2 dxe3 20. Rxe3 Qd6 21. Nc4 Qf8 22. Bxf6 gxf6 23. Rxe8 Qxe8 24. Ne3 Qe4 25. Qb2 Bc3 26. Qa3 Rc8 27. Qd6 0-1

[Event "GRENKE Chess Open 2024"]
[Site "Karlsruhe"]
[Date "2024.04.01"]
[Round "9.7"]
[White "Guliyev, Namig"]
[Black "Heinrich, John"]
[Result "1/2-1/2"]
[WhiteElo "2508"]
[BlackElo "2275"]
[Annotator "RC"]
[PlyCount "50"]
[EventDate "2024.03.28"]
[EventType "swiss"]
[EventCountry "GER"]
[SourceTitle "playchess.com"]
[Source "ChessBase"]
[SourceQuality "1"]

1. d4 Nf6 2. c4 g6 3. Nc3 Bg7 4. e4 d6 5. h3 O-O 6. Be3 c6 7. Nge2 e5 8. d5 cxd5 9. cxd5 b5 10. a3 a6 11. g4 h5 12. f3 Nbd7 13. Qd2 Nh7 14. gxh5 Qh4+ 15. Bf2 Qxh5 16. Ng3 Qxf3 17. h4 Nc5 18. Be2 Qf4 19. Bxc5 dxc5 20. Nf1 Re8 21. Bd3 Nf6 22. Ne2 Qf3 23. Nfg3 c4 24. Bc2 Ng4 25. O-O-O Bh6 1/2-1/2

[Event "GRENKE Chess Open 2024"]
[Site "Karlsruhe"]
[Date "2024.04.01"]
[Round "9.7"]
[White "Divya Deshmukh"]
[Black "Maurizzi, Marc`Andria"]
[Result "1/2-1/2"]
[WhiteElo "2424"]
[BlackElo "2602"]
[Annotator "TA"]
[PlyCount "130"]
[EventDate "2024.03.28"]
[EventType "swiss"]
[EventCountry "GER"]
[SourceTitle "playchess.com"]
[Source "ChessBase"]
[SourceQuality "1"]

1. c4 e6 2. Nc3 d5 3. d4 a6 4. cxd5 exd5 5. Bf4 Nf6 6. e3 Bd6 7. Bxd6 Qxd6 8. Bd3 O-O 9. Nf3 Re8 10. O-O c6 11. Qc2 Be6 12. Ne5 c5 13. b3 b5 14. a4 c4 15. bxc4 bxc4 16. Be2 Nc6 17. Nxc6 Qxc6 18. Rfb1 g6 19. Qb2 Rec8 20. Qb6 Qe8 21. Bf3 Rcb8 22. Qd6 Rb3 23. Rxb3 cxb3 24. Qa3 g5 25. Qxb3 Rb8 26. Qa3 g4 27. Be2 Rb6 28. Bd3 h5 29. a5 Rc6 30. Na2 Bc8 31. Nb4 Rd6 32. Rc1 h4 33. Nxa6 Rc6 34. Rxc6 Qxc6 35. Qc5 Qd7 36. Nb8 Qb7 37. Qb6 Qe7 38. Qc5 Qb7 39. Qb6 Qe7 40. g3 Qa3 41. Bf1 Be6 42. Nc6 Ne4 43. Qb8+ Kh7 44. Qb1 Kg7 45. Nd8 Bd7 46. a6 Qa5 47. a7 Nd2 48. Qb2 Nf3+ 49. Kh1 Qxa7 50. Nb7 h3 51. Nc5 Bf5 52. Be2 Qa5 53. Qc1 Ng5 54. Kg1 Qa2 55. Qd1 Bc2 56. Qc1 f5 57. Kf1 Kh7 58. Nd3 Qb3 59. Qb2 Qxb2 60. Nxb2 Kg6 61. Ke1 Kf6 62. Kd2 Be4 63. Na4 Ke7 64. Nc5 Bh1 65. Nd3 Kf6 1/2-1/2

[Event "GRENKE Chess Open 2024"]
[Site "Karlsruhe"]
[Date "2024.04.01"]
[Round "9.8"]
[White "Indjic, Aleksandar"]
[Black "Kramer, Julian"]
[Result "1/2-1/2"]
[WhiteElo "2595"]
[BlackElo "2469"]
[Annotator "TA"]
[PlyCount "85"]
[EventDate "2024.03.28"]
[EventType "swiss"]
[EventCountry "GER"]
[SourceTitle "playchess.com"]
[Source "ChessBase"]
[SourceQuality "1"]

1. c4 e5 2. Nc3 Nf6 3. Nf3 Nc6 4. e3 Bb4 5. Qc2 Bxc3 6. bxc3 O-O 7. d3 d6 8. Be2 Qe7 9. e4 Ne8 10. Rb1 b6 11. Bg5 f6 12. Be3 f5 13. exf5 Bxf5 14. Nd2 Nd8 15. O-O Ne6 16. Rbe1 Nf6 17. f3 c6 18. Qc1 Nc5 19. Ne4 Nfxe4 20. fxe4 Bg6 21. Rxf8+ Rxf8 22. Rf1 h6 23. Qe1 Rxf1+ 24. Qxf1 Qf7 25. Qe1 Bh5 26. g4 Bg6 27. h4 Ne6 28. Qf2 Qxf2+ 29. Kxf2 Bf7 30. h5 Kf8 31. Kg3 Ke7 32. Bd1 Be8 33. Ba4 Nc5 34. Bc2 Ne6 35. Kh4 Kf6 36. Kg3 c5 37. Bd1 Ng5 38. Kg2 Bd7 39. Bf2 Bc6 40. Bh4 Bd7 41. Kf2 Be8 42. Ke3 Bd7 43. Kf2 1/2-1/2

[Event "GRENKE Chess Open 2024"]
[Site "Karlsruhe"]
[Date "2024.04.01"]
[Round "9.8"]
[White "Ghimpu, Samuel-Timotei"]
[Black "Ramirez Marin, Ivan"]
[Result "1-0"]
[WhiteElo "2467"]
[BlackElo "2272"]
[Annotator "RC"]
[PlyCount "93"]
[EventDate "2024.03.28"]
[EventType "swiss"]
[EventCountry "GER"]
[SourceTitle "playchess.com"]
[Source "ChessBase"]
[SourceQuality "1"]

1. e4 c5 2. Nf3 d6 3. d4 cxd4 4. Nxd4 Nf6 5. Nc3 a6 6. Be3 e6 7. f4 b5 8. a3 Bb7 9. Qf3 Nbd7 10. g4 Rc8 11. Bd3 Nb6 12. g5 Nfd7 13. Qh3 g6 14. O-O e5 15. Nf3 exf4 16. Bxf4 Be7 17. Qg3 Qc7 18. Rad1 O-O 19. h4 Rfe8 20. Rd2 Ne5 21. Nxe5 dxe5 22. Be3 Nd7 23. Rdf2 Rf8 24. h5 Nc5 25. Qh4 Ne6 26. Rh2 Bc5 27. Nd1 Nf4 28. b4 Bb6 29. Rxf4 exf4 30. Bxb6 Qxb6+ 31. Nf2 Rc7 32. Qxf4 Re7 33. Kf1 Bc8 34. e5 Qc7 35. Ne4 Qxe5 36. Nf6+ Kg7 37. Qxe5 Rxe5 38. hxg6 Rxg5 39. Nxh7 Rh8 40. gxf7 Rg4 41. Rf2 Rf8 42. Nxf8 Kxf8 43. Rf6 Rd4 44. Kf2 Rd8 45. Bg6 Ke7 46. Rb6 Rd2+ 47. Ke3 1-0

[Event "GRENKE Chess Open 2024"]
[Site "Karlsruhe"]
[Date "2024.04.01"]
[Round "9.8"]
[White "Lesny, Florian"]
[Black "Baumegger, Siegfried"]
[Result "1/2-1/2"]
[WhiteElo "2207"]
[BlackElo "2397"]
[Annotator "ChessBase"]
[PlyCount "94"]
[EventDate "2024.03.28"]
[EventType "swiss"]
[EventCountry "GER"]
[SourceTitle "playchess.com"]
[Source "ChessBase"]
[SourceQuality "1"]

1. e4 e6 2. d4 d5 3. e5 c5 4. c3 Nc6 5. Nf3 Nge7 6. Na3 cxd4 7. cxd4 Nf5 8. Nc2 Nb4 9. Nxb4 Bxb4+ 10. Bd2 Qa5 11. Bxb4 Qxb4+ 12. Qd2 a5 13. Bd3 Ne7 14. Qxb4 axb4 15. a3 Bd7 16. Kd2 bxa3 17. Rxa3 Rxa3 18. bxa3 Nc6 19. Rb1 Na5 20. Bb5 Ke7 21. Kd3 Bxb5+ 22. Rxb5 Ra8 23. Nd2 Ra7 24. a4 f6 25. f4 fxe5 26. fxe5 Kd7 27. Nb3 Nxb3 28. Rxb3 Kc7 29. Ra3 Ra6 30. Kd2 b5 31. Rc3+ Kb6 32. axb5 Kxb5 33. Ke3 g5 34. Rc7 h5 35. Rb7+ Kc4 36. Rc7+ Kb4 37. Rb7+ Kc4 38. Rc7+ Kb5 39. Rb7+ Kc6 40. Re7 Ra3+ 41. Ke2 Ra2+ 42. Kf3 Kb5 43. Rxe6 Kc4 44. Rh6 Ra3+ 45. Kf2 Ra2+ 46. Kf3 Ra3+ 47. Kf2 Ra2+ 1/2-1/2

[Event "GRENKE Chess Open 2024"]
[Site "Karlsruhe"]
[Date "2024.04.01"]
[Round "9.9"]
[White "Meier, Georg"]
[Black "Lumachi, Gabriele"]
[Result "1/2-1/2"]
[WhiteElo "2620"]
[BlackElo "2413"]
[Annotator "TA"]
[PlyCount "75"]
[EventDate "2024.03.28"]
[EventType "swiss"]
[EventCountry "GER"]
[SourceTitle "playchess.com"]
[Source "ChessBase"]
[SourceQuality "1"]

1. Nf3 Nf6 2. g3 b6 3. Bg2 Bb7 4. c4 e6 5. O-O Be7 6. d4 O-O 7. Nc3 Ne4 8. Bd2 d6 9. d5 Nxc3 10. Bxc3 e5 11. Nxe5 dxe5 12. d6 Bxg2 13. dxe7 Qxe7 14. Kxg2 Rd8 15. Qa4 Qe6 16. Rfd1 Nd7 17. Kg1 a5 18. Bd2 h5 19. Be3 Nf6 20. Bg5 Qf5 21. Bxf6 Qxf6 22. Rxd8+ Rxd8 23. Rd1 Rxd1+ 24. Qxd1 e4 25. b3 g6 26. h4 Qe5 27. e3 Qe7 28. Qd4 c5 29. Qd5 Kg7 30. Kg2 Qe6 31. Qb7 Qg4 32. Qd5 Qe6 33. Qd2 Qe5 34. Qd1 Qe6 35. Qc2 Qf5 36. Qd1 Qe5 37. Qd8 Qf6 38. Qc7 1/2-1/2

[Event "GRENKE Chess Open 2024"]
[Site "Karlsruhe"]
[Date "2024.04.01"]
[Round "9.9"]
[White "Solonar, Stefan"]
[Black "Schneider, Ilja"]
[Result "1-0"]
[WhiteElo "2271"]
[BlackElo "2460"]
[Annotator "RC"]
[PlyCount "141"]
[EventDate "2024.03.28"]
[EventType "swiss"]
[EventCountry "GER"]
[SourceTitle "playchess.com"]
[Source "ChessBase"]
[SourceQuality "1"]

1. e4 c5 2. Nf3 Nc6 3. d4 cxd4 4. Nxd4 e5 5. Nb5 d6 6. N1c3 a6 7. Na3 Be7 8. Nc4 b5 9. Ne3 Nf6 10. Bd3 O-O 11. O-O Be6 12. a4 b4 13. Ncd5 Nd7 14. Bd2 a5 15. Bb5 Rc8 16. c3 bxc3 17. Bxc3 Bg5 18. Nc4 Nc5 19. f3 Nb4 20. Kh1 Bxd5 21. exd5 f5 22. Bxb4 axb4 23. a5 Ra8 24. Bc6 Ra7 25. Qe1 Nd3 26. Qe2 Nc5 27. Qf2 Qe7 28. Qe2 Rf6 29. Nb6 Qd8 30. Qb5 Rh6 31. g3 f4 32. g4 Bh4 33. Kg2 Be1 34. Rh1 Bd2 35. Nc4 Be3 36. Qb6 Qe7 37. Qb8+ Kf7 38. Be8+ Qxe8 39. Qxa7+ Kg8 40. Nb6 Qg6 41. Qb8+ Kf7 42. Qc7+ Ke8 43. Qc8+ Ke7 44. Qf5 Qe8 45. Nc8+ Kd8 46. Na7 Kc7 47. a6 e4 48. Qc8+ Qxc8 49. Nxc8 exf3+ 50. Kxf3 Nxa6 51. Rxa6 Kxc8 52. g5 Rh5 53. Kg4 g6 54. Rxd6 f3 55. Kxf3 Bxg5 56. Rc6+ Kb7 57. Rc4 Rh3+ 58. Ke4 Rh4+ 59. Kd3 Rh3+ 60. Kd4 Bf6+ 61. Kc5 Be7+ 62. Kb5 Rd3 63. Rf1 Rxd5+ 64. Ka4 Re5 65. Rf7 h5 66. Rxb4+ Ka6 67. Rb8 Bd6 68. Rf6 Ka7 69. Rg8 Re4+ 70. Kb5 Bxh2 71. Rf7+ 1-0

[Event "GRENKE Chess Open 2024"]
[Site "Karlsruhe"]
[Date "2024.04.01"]
[Round "9.10"]
[White "Svane, Frederik"]
[Black "Papasimakopoulos, Alexandros"]
[Result "1-0"]
[WhiteElo "2617"]
[BlackElo "2402"]
[Annotator "TA"]
[PlyCount "67"]
[EventDate "2024.03.28"]
[EventType "swiss"]
[EventCountry "GER"]
[SourceTitle "playchess.com"]
[Source "ChessBase"]
[SourceQuality "1"]

1. e4 e6 2. d4 d5 3. e5 c5 4. c3 Nc6 5. Nf3 Bd7 6. Be2 Nge7 7. O-O Nf5 8. Na3 cxd4 9. cxd4 Bxa3 10. bxa3 O-O 11. Rb1 b6 12. Qd3 f6 13. exf6 Qxf6 14. Bg5 Qg6 15. Be3 Qf6 16. Rbc1 h6 17. Bd1 Rfc8 18. Ba4 Be8 19. Bxc6 Bxc6 20. Bf4 Be8 21. Be5 Qf8 22. h3 Ne7 23. Bd6 Qf5 24. Qa6 Nc6 25. Ne5 Kh7 26. Qb7 Na5 27. Qxc8 Rxc8 28. Rxc8 Nb7 29. Bb8 Bb5 30. Re1 a6 31. g4 Qf6 32. Re3 Nd8 33. Bc7 Qf4 34. Nf3 1-0

[Event "GRENKE Chess Open 2024"]
[Site "Karlsruhe"]
[Date "2024.04.01"]
[Round "9.10"]
[White "Froewis, Georg"]
[Black "von Mettenheim, Johannes"]
[Result "1-0"]
[WhiteElo "2450"]
[BlackElo "2265"]
[Annotator "RC"]
[PlyCount "88"]
[EventDate "2024.03.28"]
[EventType "swiss"]
[EventCountry "GER"]
[SourceTitle "playchess.com"]
[Source "ChessBase"]
[SourceQuality "1"]

1. c4 Nf6 2. Nc3 e6 3. e4 d5 4. e5 d4 5. exf6 dxc3 6. bxc3 Qxf6 7. d4 Nc6 8. Nf3 e5 9. Be2 exd4 10. cxd4 Bb4+ 11. Bd2 Bxd2+ 12. Qxd2 O-O 13. O-O Bg4 14. Rfd1 Rfe8 15. d5 Bxf3 16. Bxf3 Ne5 17. Be2 Nd7 18. Bf3 Nc5 19. Re1 g6 20. h3 Rad8 21. Rad1 Kg7 22. Kf1 b6 23. Qd4 Rxe1+ 24. Kxe1 Re8+ 25. Kf1 Re5 26. g3 Nb7 27. Kg2 h5 28. Rc1 Re7 29. Qd2 h4 30. g4 Nc5 31. Rd1 Re5 32. d6 cxd6 33. Qxd6 Ne6 34. Qa3 Ra5 35. Qb3 Nf4+ 36. Kh2 Qe5 37. Bg2 Rc5 38. Kg1 g5 39. Bd5 Rxd5 40. cxd5 Qe4 41. f3 Qe2 42. Qc3+ f6 43. Rd2 Nxh3+ 44. Kh1 Qe3 1-0

[Event "GRENKE Chess Open 2024"]
[Site "Karlsruhe"]
[Date "2024.04.01"]
[Round "9.10"]
[White "Faerber, David"]
[Black "Cofmann, Veaceslav"]
[Result "1-0"]
[WhiteElo "2394"]
[BlackElo "2205"]
[Annotator "ChessBase"]
[PlyCount "22"]
[EventDate "2024.03.28"]
[EventType "swiss"]
[EventCountry "GER"]
[SourceTitle "playchess.com"]
[Source "ChessBase"]
[SourceQuality "1"]

1. d4 d5 2. c4 e6 3. Nc3 Nf6 4. e4 dxe4 5. Nxe4 Be7 6. Bg5 h6 7. Bxf6 Bxf6 8. Qd2 Be7 9. O-O-O Nd7 10. Kb1 Nf6 11. Nxf6+ Bxf6 1-0

[Event "GRENKE Chess Open 2024"]
[Site "Karlsruhe"]
[Date "2024.04.01"]
[Round "9.11"]
[White "Tokhirjonova, Gulrukhbegim"]
[Black "Muradli, Mahammad"]
[Result "0-1"]
[WhiteElo "2365"]
[BlackElo "2555"]
[Annotator "TA"]
[PlyCount "174"]
[EventDate "2024.03.28"]
[EventType "swiss"]
[EventCountry "GER"]
[SourceTitle "playchess.com"]
[Source "ChessBase"]
[SourceQuality "1"]

1. c4 e6 2. g3 d5 3. Bg2 Nf6 4. Nf3 dxc4 5. Qa4+ c6 6. Qxc4 b5 7. Qc2 Bb7 8. O-O Nbd7 9. a4 a6 10. b3 Be7 11. Bb2 O-O 12. Ne5 Rc8 13. d3 Qb6 14. Nxd7 Nxd7 15. Nc3 Rfd8 16. Rfc1 h6 17. Ne4 c5 18. axb5 axb5 19. Qc3 Nf6 20. Rc2 c4 21. bxc4 bxc4 22. Qa5 Qxa5 23. Rxa5 cxd3 24. Rxc8 Bxc8 25. exd3 Rxd3 26. Nxf6+ Bxf6 27. Ra8 Rd1+ 28. Bf1 Bxb2 29. Rxc8+ Kh7 30. Rc2 Bd4 31. Kg2 g6 32. h4 Kg7 33. h5 g5 34. Bc4 Kf6 35. Re2 Ke7 36. Bb3 Rb1 37. Bc2 Rb4 38. g4 Bc5 39. Re4 Rb8 40. Re2 Kd6 41. Be4 Rb4 42. f3 Rb3 43. Bh7 Be3 44. Bg8 Ke7 45. Rc2 Kf8 46. Bh7 Ra3 47. Be4 Ra7 48. Re2 Bf4 49. Rb2 Kg7 50. Kf2 Kf6 51. Ke2 Ra5 52. Bd3 Be5 53. Rc2 Bd4 54. Rc7 Ra2+ 55. Rc2 Ra7 56. Kf1 Ra3 57. Ke2 Ke5 58. Rc4 Ra2+ 59. Rc2 Ra7 60. Rc4 Rd7 61. Ra4 Kf4 62. Bc4 Kg3 63. Bb5 Rd8 64. Bc6 Rd6 65. Be4 Rd7 66. Bc6 Rd8 67. Be4 Be5 68. Ra7 Rf8 69. Ra8 Bb8 70. Ra5 Bc7 71. Ra8 Bd8 72. Bd3 f5 73. gxf5 exf5 74. Ra6 Re8+ 75. Kd1 f4 76. Be4 Rxe4 77. fxe4 f3 78. Ke1 Kg2 79. Ra2+ Kg1 80. Ra1 Bf6 81. Rc1 g4 82. Kd2+ Kg2 83. Kd3 g3 84. Rc6 f2 85. Rxf6 f1=Q+ 86. Rxf1 Kxf1 87. e5 g2 0-1

[Event "GRENKE Chess Open 2024"]
[Site "Karlsruhe"]
[Date "2024.04.01"]
[Round "9.11"]
[White "Chassard, Cedric"]
[Black "Durak, Can"]
[Result "0-1"]
[WhiteElo "2259"]
[BlackElo "2450"]
[Annotator "RC"]
[PlyCount "96"]
[EventDate "2024.03.28"]
[EventType "swiss"]
[EventCountry "GER"]
[SourceTitle "playchess.com"]
[Source "ChessBase"]
[SourceQuality "1"]

1. e4 c5 2. Nf3 d6 3. d4 cxd4 4. Nxd4 Nf6 5. Nc3 Nc6 6. Bg5 e6 7. Qd2 a6 8. O-O-O Bd7 9. Kb1 b5 10. Nxc6 Bxc6 11. f3 h6 12. Be3 h5 13. Rg1 Be7 14. h3 h4 15. g4 hxg3 16. Rxg3 g6 17. Bd3 Qc7 18. Bd4 b4 19. Ne2 e5 20. Be3 d5 21. exd5 Bxd5 22. Bg5 Rd8 23. Qe3 Be6 24. h4 Qa5 25. Nc1 Nd5 26. Qa7 Bxg5 27. Rxg5 Nf4 28. Qe3 Rd5 29. Nb3 Qc7 30. Re1 Rxh4 31. Be4 Rb5 32. Rd1 a5 33. Qd2 Kf8 34. Nd4 Rc5 35. Nxe6+ Nxe6 36. Rg4 Rh5 37. Rgg1 Rc4 38. Bd3 Rd4 39. Rh1 Rxh1 40. Rxh1 a4 41. Rh8+ Ke7 42. Qh6 a3 43. Rh7 Kd6 44. Qh1 Nf4 45. Qh4 Qe7 46. Qe1 Ke6 47. bxa3 bxa3 48. Qc3 Qb4+ 0-1

[Event "GRENKE Chess Open 2024"]
[Site "Karlsruhe"]
[Date "2024.04.01"]
[Round "9.12"]
[White "Colpe, Malte"]
[Black "Kracht, Raphael"]
[Result "1/2-1/2"]
[WhiteElo "2384"]
[BlackElo "2190"]
[Annotator "ChessBase"]
[PlyCount "120"]
[EventDate "2024.03.28"]
[EventType "swiss"]
[EventCountry "GER"]
[SourceTitle "playchess.com"]
[Source "ChessBase"]
[SourceQuality "1"]

1. d4 Nf6 2. Nf3 d5 3. c3 c5 4. dxc5 e6 5. Be3 a5 6. c4 Na6 7. Nc3 Nxc5 8. cxd5 exd5 9. Bd4 Be7 10. e3 O-O 11. Be2 Nce4 12. O-O Bd7 13. Rc1 a4 14. a3 Qa5 15. Ne5 Be6 16. Nd3 Rfd8 17. Nf4 Nc5 18. Nb5 Rac8 19. Bc3 Qb6 20. Bb4 Nfe4 21. Nd4 Bf8 22. Bg4 Bxg4 23. Qxg4 Nf6 24. Qh3 Ra8 25. Rc2 Nce4 26. Bxf8 Rxf8 27. Rfc1 Rad8 28. Qf3 g6 29. Nd3 Qd6 30. Nb4 Rd7 31. Qd1 h5 32. h3 Qe5 33. Nd3 Qb8 34. Qe1 Re8 35. Qb4 Qa7 36. Nc5 Nxc5 37. Rxc5 Rde7 38. Rc7 Rxc7 39. Rxc7 Qb8 40. Rxb7 Qc8 41. Qb5 Qc1+ 42. Kh2 Qc8 43. Qc6 Qxc6 44. Nxc6 Ne4 45. Re7 Ra8 46. Kg1 Kf8 47. Rc7 Nd6 48. Nb4 Nc4 49. e4 Re8 50. f3 Nxb2 51. Nxd5 Rb8 52. Ne3 Rb3 53. Nc2 h4 54. Kf1 Nd3 55. Rc4 Rb1+ 56. Ke2 Nf4+ 57. Kf2 Rb2 58. Kf1 Rb1+ 59. Kf2 Rb2 60. Kf1 Rb1+ 1/2-1/2

[Event "GRENKE Chess Open 2024"]
[Site "Karlsruhe"]
[Date "2024.04.01"]
[Round "9.12"]
[White "Kopylov, Michael"]
[Black "Nasuta, Grzegorz"]
[Result "0-1"]
[WhiteElo "2352"]
[BlackElo "2552"]
[Annotator "RC"]
[PlyCount "54"]
[EventDate "2024.03.28"]
[EventType "swiss"]
[EventCountry "GER"]
[SourceTitle "playchess.com"]
[Source "ChessBase"]
[SourceQuality "1"]

1. d4 d5 2. c4 c6 3. Nf3 Nf6 4. Qc2 dxc4 5. Qxc4 Bg4 6. Nbd2 Nbd7 7. g3 e6 8. Bg2 Be7 9. O-O a5 10. Ne5 Bh5 11. Ndf3 O-O 12. Re1 a4 13. Bd2 Qb6 14. Bc3 Rfd8 15. e4 Qa7 16. Qf1 Rac8 17. Rac1 b5 18. Nxd7 Nxd7 19. d5 Bxf3 20. Bxf3 b4 21. Bd2 Qd4 22. Re2 Ne5 23. Bg2 Nc4 24. Qe1 c5 25. Bf4 Nxb2 26. Rd2 Nd3 27. Qd1 c4 0-1

[Event "GRENKE Chess Open 2024"]
[Site "Karlsruhe"]
[Date "2024.04.01"]
[Round "9.12"]
[White "Dolzhykova, Kateryna"]
[Black "Bagrationi, Alexander"]
[Result "1-0"]
[WhiteElo "2259"]
[BlackElo "2439"]
[Annotator "RC"]
[PlyCount "130"]
[EventDate "2024.03.28"]
[EventType "swiss"]
[EventCountry "GER"]
[SourceTitle "playchess.com"]
[Source "ChessBase"]
[SourceQuality "1"]

1. e4 c5 2. Nf3 Nc6 3. Bb5 Nf6 4. e5 Nd5 5. O-O Nc7 6. Bxc6 dxc6 7. Nc3 Bf5 8. Nh4 e6 9. Nxf5 exf5 10. Qf3 g6 11. d3 Ne6 12. Re1 Bg7 13. b3 Qc7 14. Bb2 O-O 15. Nb1 Nd4 16. Bxd4 cxd4 17. Qg3 Rae8 18. f4 Qa5 19. a3 f6 20. b4 Qa4 21. Nd2 fxe5 22. fxe5 f4 23. Qh3 Qxc2 24. Nc4 f3 25. gxf3 Qxd3 26. Nd6 Re7 27. Nc8 Rc7 28. Qe6+ Kh8 29. Nd6 Bh6 30. Rf1 Bg5 31. Ne4 Qe3+ 32. Kg2 Re7 33. Qd6 Bh4 34. Rae1 Qf4 35. Ng3 Qd2+ 36. Re2 Qd3 37. Re4 Qd2+ 38. Rf2 Qh6 39. Qxd4 Bg5 40. f4 Bh4 41. Qxa7 Rff7 42. Qd4 Kg8 43. a4 Qf8 44. a5 Rd7 45. Qc4 Rd5 46. a6 Qb8 47. Ra2 bxa6 48. Qxc6 Qb7 49. Rxa6 Qxc6 50. Rxc6 Rb7 51. Rc8+ Rd8 52. Rxd8+ Bxd8 53. f5 gxf5 54. Nxf5 Kf8 55. e6 Be7 56. Nxe7 Kxe7 57. Kf3 Rb5 58. Ke3 Rh5 59. h4 Rd5 60. Rd4 Rb5 61. Kd3 Kxe6 62. Kc4 Rb8 63. b5 Ke5 64. Rd7 h6 65. Rh7 Ke4 1-0

[Event "GRENKE Chess Open 2024"]
[Site "Karlsruhe"]
[Date "2024.04.01"]
[Round "9.13"]
[White "Makkar, Rajat"]
[Black "Nurgaliyev, Sauat"]
[Result "1/2-1/2"]
[WhiteElo "2434"]
[BlackElo "2262"]
[Annotator "RC"]
[PlyCount "64"]
[EventDate "2024.03.28"]
[EventType "swiss"]
[EventCountry "GER"]
[SourceTitle "playchess.com"]
[Source "ChessBase"]
[SourceQuality "1"]

1. c4 c5 2. Nf3 Nc6 3. Nc3 Nf6 4. g3 g6 5. Bg2 d5 6. d4 Bg7 7. dxc5 dxc4 8. Qa4 Nd5 9. O-O Nxc3 10. bxc3 Qa5 11. Qxc4 Qxc3 12. Qxc3 Bxc3 13. Rb1 O-O 14. Rd1 Rb8 15. Bb2 Bxb2 16. Rxb2 b6 17. cxb6 axb6 18. Rc1 Na5 19. Ne5 Be6 20. Be4 b5 21. Rcb1 Nc4 22. Nxc4 Bxc4 23. a4 b4 24. a5 b3 25. Ra1 Rb4 26. Bf3 Ba6 27. e3 Rc8 28. Bd5 Rb5 29. Be4 Rcc5 30. Bd3 Rxa5 31. Rxa5 Rxa5 32. Bxa6 Rxa6 1/2-1/2

[Event "GRENKE Chess Open 2024"]
[Site "Karlsruhe"]
[Date "2024.04.01"]
[Round "9.13"]
[White "Krause, Jonah"]
[Black "Braeuning, Rudolf Wilhelm"]
[Result "1-0"]
[WhiteElo "2374"]
[BlackElo "2188"]
[Annotator "ChessBase"]
[PlyCount "87"]
[EventDate "2024.03.28"]
[EventType "swiss"]
[EventCountry "GER"]
[SourceTitle "playchess.com"]
[Source "ChessBase"]
[SourceQuality "1"]

1. d4 d5 2. c4 c6 3. Nc3 Nf6 4. e3 e6 5. Nf3 Nbd7 6. Be2 Bd6 7. O-O O-O 8. b3 Qe7 9. Bb2 dxc4 10. bxc4 Re8 11. Qb3 e5 12. a4 e4 13. Nd2 Nf8 14. Ba3 b6 15. Bxd6 Qxd6 16. Qa3 Qc7 17. a5 Rb8 18. Rfc1 h5 19. axb6 axb6 20. c5 b5 21. Qa5 Qe7 22. d5 b4 23. d6 Qe5 24. Na4 Ng4 25. Nf1 h4 26. Nb6 Be6 27. h3 Nf6 28. Qxb4 Qg5 29. Kh1 Ng6 30. Nd2 Qf5 31. Rf1 Ne5 32. Qd4 g5 33. f4 exf3 34. Nxf3 Bd5 35. Nxd5 Nxd5 36. e4 Nxf3 37. Bxf3 Qf6 38. Qxf6 Nxf6 39. Ra6 Nxe4 40. Bxe4 Rxe4 41. Rxc6 Rd4 42. Rc7 Rd5 43. d7 Kg7 44. Rc8 1-0

[Event "GRENKE Chess Open 2024"]
[Site "Karlsruhe"]
[Date "2024.04.01"]
[Round "9.13"]
[White "Kulon, Klaudia"]
[Black "Hong, Andrew"]
[Result "0-1"]
[WhiteElo "2335"]
[BlackElo "2542"]
[Annotator "TA"]
[PlyCount "70"]
[EventDate "2024.03.28"]
[EventType "swiss"]
[EventCountry "GER"]
[SourceTitle "playchess.com"]
[Source "ChessBase"]
[SourceQuality "1"]

1. d4 d5 2. Nf3 Nf6 3. Bf4 Bf5 4. e3 e6 5. Bd3 Nbd7 6. O-O Bxd3 7. Qxd3 c5 8. c4 cxd4 9. Qxd4 Rc8 10. cxd5 Nxd5 11. Nc3 Nxc3 12. bxc3 Nb6 13. Qxd8+ Kxd8 14. Rfd1+ Ke8 15. Rab1 f6 16. e4 e5 17. Be3 Bc5 18. Bxc5 Rxc5 19. a4 Ke7 20. Rb4 Rhc8 21. Nd2 Rd8 22. Kf1 Rxc3 23. a5 Nc4 24. Rxb7+ Ke6 25. Ke1 Rcd3 26. Rxa7 Nxd2 27. Ke2 R3d4 28. f3 Nxf3 29. Rb1 Rd2+ 30. Kf1 Nxh2+ 31. Ke1 R2d4 32. Rxg7 Rxe4+ 33. Kf2 Ng4+ 34. Kf3 Rd3+ 35. Kxe4 Nf2# 0-1

[Event "GRENKE Chess Open 2024"]
[Site "Karlsruhe"]
[Date "2024.04.01"]
[Round "9.13"]
[White "Kulon, Klaudia"]
[Black "Hong, Andrew"]
[Result "1/2-1/2"]
[WhiteElo "2335"]
[BlackElo "2542"]
[Annotator "RC"]
[PlyCount "174"]
[EventDate "2024.03.28"]
[EventType "swiss"]
[EventCountry "GER"]
[SourceTitle "playchess.com"]
[Source "ChessBase"]
[SourceQuality "1"]

1. e4 c5 2. Nf3 d6 3. Bb5+ Nd7 4. a4 Ngf6 5. Nc3 a6 6. Be2 b6 7. d4 cxd4 8. Qxd4 Bb7 9. O-O e5 10. Qe3 Nc5 11. Nd2 Be7 12. b3 O-O 13. Bb2 Ne6 14. Rfd1 Nd4 15. Bd3 Nh5 16. Nf3 Rc8 17. Ne2 Nxc2 18. Bxc2 Rxc2 19. Bxe5 Nf6 20. Ned4 Ng4 21. Qe1 Nxe5 22. Nxc2 Nxf3+ 23. gxf3 Bf6 24. Rac1 Be5 25. Ne3 Qh4 26. Nf1 Bc8 27. Rxc8 Rxc8 28. Qd2 g6 29. Rc1 Rc5 30. Rxc5 dxc5 31. Qd7 Kg7 32. Qd3 Qg5+ 33. Kh1 Qc1 34. Kg2 Bd4 35. Ne3 Qb2 36. Nd1 Qa2 37. Kg3 h5 38. h4 Qa1 39. f4 b5 40. axb5 axb5 41. Ne3 Bxe3 42. fxe3 Qg1+ 43. Kf3 Qg4+ 44. Kf2 Qxh4+ 45. Kg2 Qg4+ 46. Kh2 b4 47. Qd5 Qe2+ 48. Kh1 Qxe3 49. Qe5+ Kh7 50. f5 Qf3+ 51. Kh2 gxf5 52. exf5 Qxb3 53. Qxc5 Qb2+ 54. Kh1 b3 55. Qd5 Qc1+ 56. Kg2 Qg5+ 57. Kf1 Qc1+ 58. Kg2 Qb2+ 59. Kh1 Kg7 60. f6+ Kxf6 61. Qf3+ Ke6 62. Qe3+ Kd5 63. Qf3+ Kd6 64. Qd3+ Kc5 65. Qf5+ Kd6 66. Qd3+ Ke7 67. Qe3+ Kf8 68. Qc5+ Kg8 69. Qg5+ Qg7 70. Qd8+ Qf8 71. Qg5+ Kh7 72. Qf5+ Kh8 73. Qxh5+ Kg8 74. Qg5+ Qg7 75. Qd8+ Kh7 76. Qd3+ Qg6 77. Qxb3 f5 78. Qh3+ Kg7 79. Qg3 Kh6 80. Qxg6+ Kxg6 81. Kg2 f4 82. Kf3 Kf5 83. Kf2 Kg4 84. Kg2 f3+ 85. Kf2 Kf4 86. Kf1 f2 87. Kxf2 Ke5 1/2-1/2